| 000 | 00654nam a2200205Ia 4500 | ||
|---|---|---|---|
| 003 | GCL | ||
| 008 | 140319s9999 xx 000 0 ara d | ||
| 040 |
_aGCL / _cGCL |
||
| 082 | 0 | 4 |
_a001.6425 _bى ا |
| 100 | 1 | _aدارلين هارتلى يوزك | |
| 245 | 1 | 0 |
_aاتقان برنامج داك ايزى للمحاسبة / _cدارلين هارتلى يوزك |
| 700 | 1 | _aمركز التعريب والبرمجة | |
| 260 |
_a[S.N] : _bالدار العربية للعلوم ، _c1991 |
||
| 300 | _a469 ص | ||
| 490 | _a | ||
| 650 | 0 | 4 | _aالمحاسبة الالية |
| 650 | 0 | 4 | _aالمحاسبة |
| 650 | 0 | 4 | _aداك ايزى |
| 942 |
_2ddc _cBK |
||
| 999 |
_c55803 _d55803 |
||